<?xml version="1.0" encoding="UTF-8"?>
<record
    xmlns:xsi="http://www.w3.org/2001/XMLSchema-instance"
    xsi:schemaLocation="http://www.loc.gov/MARC21/slim http://www.loc.gov/standards/marcxml/schema/MARC21slim.xsd"
    xmlns="http://www.loc.gov/MARC21/slim">

  <leader>01726cam a2200289 i 4500</leader>
  <controlfield tag="003">SA-RiAUC</controlfield>
  <controlfield tag="005">20260125123901.0</controlfield>
  <controlfield tag="008">260116s1908    ua     g      000 0dara c</controlfield>
  <datafield tag="024" ind1="0" ind2=" ">
    <subfield code="a">30162000000883</subfield>
  </datafield>
  <datafield tag="040" ind1=" " ind2=" ">
    <subfield code="a">SA-RiMOC</subfield>
    <subfield code="b">ara</subfield>
    <subfield code="c">SA-RiMOC</subfield>
    <subfield code="e">rda</subfield>
  </datafield>
  <datafield tag="082" ind1="0" ind2="4">
    <subfield code="a">818.02</subfield>
    <subfield code="q">SA-RiAUC</subfield>
  </datafield>
  <datafield tag="090" ind1=" " ind2=" ">
    <subfield code="a">&#x645; &#x646; 818.02</subfield>
    <subfield code="b">&#x643; &#x62A; &#x627;</subfield>
  </datafield>
  <datafield tag="245" ind1="0" ind2="0">
    <subfield code="a">&#x643;&#x62A;&#x627;&#x628; &#x627;&#x644;&#x62C;&#x648;&#x647;&#x631; &#x627;&#x644;&#x644;&#x645;&#x627;&#x639; &#x641;&#x64A;&#x645;&#x627; &#x62B;&#x628;&#x62A; &#x628;&#x627;&#x644;&#x633;&#x645;&#x627;&#x639; &#x645;&#x646; &#x62D;&#x643;&#x645; &#x627;&#x644;&#x625;&#x645;&#x627;&#x645; &#x627;&#x644;&#x634;&#x627;&#x641;&#x639;&#x64A; &#x627;&#x644;&#x645;&#x646;&#x638;&#x648;&#x645;&#x629; &#x648;&#x627;&#x644;&#x645;&#x646;&#x62B;&#x648;&#x631;&#x629; &#x627;&#x644;&#x62B;&#x627;&#x628;&#x62A;&#x629; &#x628;&#x627;&#x644;&#x623;&#x633;&#x627;&#x646;&#x64A;&#x62F; &#x627;&#x644;&#x645;&#x623;&#x62B;&#x648;&#x631;&#x629; /</subfield>
    <subfield code="c">&#x62C;&#x645;&#x639; &#x627;&#x644;&#x631;&#x627;&#x62C;&#x64A; &#x645;&#x646; &#x627;&#x644;&#x644;&#x647; &#x641;&#x64A; &#x627;&#x644;&#x62F;&#x627;&#x631;&#x64A;&#x646; &#x627;&#x644;&#x633;&#x644;&#x627;&#x645;&#x629; &#x62D;&#x633;&#x64A;&#x646; &#x628;&#x646; &#x639;&#x628;&#x62F; &#x627;&#x644;&#x644;&#x647; &#x628;&#x627;&#x633;&#x644;&#x627;&#x645;&#x629;.</subfield>
  </datafield>
  <datafield tag="246" ind1="0" ind2=" ">
    <subfield code="a">&#x627;&#x644;&#x62C;&#x648;&#x647;&#x631; &#x627;&#x644;&#x644;&#x645;&#x627;&#x639; &#x641;&#x64A;&#x645;&#x627; &#x62B;&#x628;&#x62A; &#x628;&#x627;&#x644;&#x633;&#x645;&#x627;&#x639; &#x645;&#x646; &#x62D;&#x643;&#x645; &#x627;&#x644;&#x625;&#x645;&#x627;&#x645; &#x627;&#x644;&#x634;&#x627;&#x641;&#x639;&#x64A; &#x627;&#x644;&#x645;&#x646;&#x638;&#x648;&#x645;&#x629; &#x648;&#x627;&#x644;&#x645;&#x646;&#x62B;&#x648;&#x631;&#x629; &#x627;&#x644;&#x62B;&#x627;&#x628;&#x62A;&#x629; &#x628;&#x627;&#x644;&#x623;&#x633;&#x627;&#x646;&#x64A;&#x62F; &#x627;&#x644;&#x645;&#x623;&#x62B;&#x648;&#x631;&#x629;</subfield>
  </datafield>
  <datafield tag="264" ind1=" " ind2="1">
    <subfield code="a">[&#x645;&#x643;&#x627;&#x646; &#x627;&#x644;&#x646;&#x634;&#x631; &#x63A;&#x64A;&#x631; &#x645;&#x62D;&#x62F;&#x62F;] :</subfield>
    <subfield code="b">[&#x627;&#x644;&#x646;&#x627;&#x634;&#x631; &#x63A;&#x64A;&#x631; &#x645;&#x62D;&#x62F;&#x62F;]&#x60C;</subfield>
    <subfield code="c">[1908]</subfield>
  </datafield>
  <datafield tag="264" ind1=" " ind2="2">
    <subfield code="a">&#x645;&#x643;&#x629; &#x627;&#x644;&#x645;&#x643;&#x631;&#x645;&#x629; :</subfield>
    <subfield code="b">&#x62D;&#x633;&#x64A;&#x646; &#x628;&#x646; &#x639;&#x628;&#x62F; &#x627;&#x644;&#x644;&#x647; &#x628;&#x627;&#x633;&#x644;&#x627;&#x645;&#x629; :</subfield>
    <subfield code="b">&#x627;&#x644;&#x633;&#x64A;&#x62F; &#x639;&#x628;&#x62F; &#x627;&#x644;&#x644;&#x647; &#x645;&#x62D;&#x645;&#x62F;</subfield>
  </datafield>
  <datafield tag="264" ind1=" " ind2="3">
    <subfield code="a">&#x627;&#x644;&#x642;&#x627;&#x647;&#x631;&#x629; :</subfield>
    <subfield code="b">&#x645;&#x637;&#x628;&#x639;&#x629; &#x643;&#x631;&#x62F;&#x633;&#x62A;&#x627;&#x646; &#x627;&#x644;&#x639;&#x644;&#x645;&#x64A;&#x629;</subfield>
  </datafield>
  <datafield tag="300" ind1=" " ind2=" ">
    <subfield code="a">120 &#x635;&#x641;&#x62D;&#x629; &#x61B;</subfield>
    <subfield code="c">19 &#xD7; 13 &#x633;&#x645;</subfield>
  </datafield>
  <datafield tag="336" ind1=" " ind2=" ">
    <subfield code="a">&#x646;&#x635;</subfield>
    <subfield code="b">txt</subfield>
    <subfield code="2">rdacontent</subfield>
    <subfield code="3">&#x643;&#x62A;&#x627;&#x628;</subfield>
  </datafield>
  <datafield tag="337" ind1=" " ind2=" ">
    <subfield code="a">&#x628;&#x62F;&#x648;&#x646; &#x648;&#x633;&#x64A;&#x637;</subfield>
    <subfield code="b">n</subfield>
    <subfield code="2">rdamedia</subfield>
  </datafield>
  <datafield tag="338" ind1=" " ind2=" ">
    <subfield code="a">&#x645;&#x62C;&#x644;&#x62F;</subfield>
    <subfield code="b">nc</subfield>
    <subfield code="2">rdacarrier</subfield>
  </datafield>
  <datafield tag="600" ind1="1" ind2="7">
    <subfield code="a">&#x627;&#x644;&#x625;&#x645;&#x627;&#x645; &#x627;&#x644;&#x634;&#x627;&#x641;&#x639;&#x64A;&#x60C; &#x645;&#x62D;&#x645;&#x62F; &#x628;&#x646; &#x625;&#x62F;&#x631;&#x64A;&#x633; &#x628;&#x646; &#x627;&#x644;&#x639;&#x628;&#x627;&#x633;&#x60C;</subfield>
    <subfield code="d">150-204 &#x647;&#x62C;&#x631;&#x64A;</subfield>
    <subfield code="v">&#x623;&#x642;&#x648;&#x627;&#x644; &#x645;&#x623;&#x62B;&#x648;&#x631;&#x629;</subfield>
    <subfield code="2">aucnm</subfield>
  </datafield>
  <datafield tag="650" ind1=" " ind2="7">
    <subfield code="a">&#x627;&#x644;&#x62D;&#x643;&#x645; &#x648;&#x627;&#x644;&#x645;&#x623;&#x62B;&#x648;&#x631;&#x627;&#x62A;</subfield>
    <subfield code="y">&#x627;&#x644;&#x639;&#x635;&#x631; &#x627;&#x644;&#x639;&#x628;&#x627;&#x633;&#x64A;</subfield>
    <subfield code="2">aucsh</subfield>
  </datafield>
  <datafield tag="700" ind1="1" ind2=" ">
    <subfield code="a">&#x628;&#x627;&#x633;&#x644;&#x627;&#x645;&#x629;&#x60C; &#x62D;&#x633;&#x64A;&#x646; &#x639;&#x628;&#x62F; &#x627;&#x644;&#x644;&#x647; &#x645;&#x62D;&#x645;&#x62F;&#x60C;</subfield>
    <subfield code="d">1299-1359 &#x647;&#x62C;&#x631;&#x64A;</subfield>
    <subfield code="e">&#x62C;&#x627;&#x645;&#x639;.</subfield>
  </datafield>
  <datafield tag="942" ind1=" " ind2=" ">
    <subfield code="2">ddc</subfield>
    <subfield code="c">RBOOK COPY</subfield>
    <subfield code="n">0</subfield>
  </datafield>
  <datafield tag="949" ind1=" " ind2=" ">
    <subfield code="a">SA-JeALM</subfield>
    <subfield code="d">260116</subfield>
    <subfield code="u">mohamedma123</subfield>
    <subfield code="n">1</subfield>
  </datafield>
  <datafield tag="952" ind1=" " ind2=" ">
    <subfield code="0">0</subfield>
    <subfield code="1">0</subfield>
    <subfield code="2">ddc</subfield>
    <subfield code="4">0</subfield>
    <subfield code="7">0</subfield>
    <subfield code="a">WAHAB</subfield>
    <subfield code="b">WAHAB</subfield>
    <subfield code="d">2026-01-25</subfield>
    <subfield code="l">0</subfield>
    <subfield code="o">&#x645; &#x646; 818.02 &#x643; &#x62A; &#x627;</subfield>
    <subfield code="p">000022603</subfield>
    <subfield code="r">2026-01-25 12:38:31</subfield>
    <subfield code="w">2026-01-25</subfield>
    <subfield code="y">RBOOK COPY</subfield>
  </datafield>
  <datafield tag="952" ind1=" " ind2=" ">
    <subfield code="0">0</subfield>
    <subfield code="1">0</subfield>
    <subfield code="2">ddc</subfield>
    <subfield code="4">0</subfield>
    <subfield code="7">0</subfield>
    <subfield code="a">WAHAB</subfield>
    <subfield code="b">WAHAB</subfield>
    <subfield code="d">2026-01-25</subfield>
    <subfield code="l">0</subfield>
    <subfield code="o">&#x645; &#x646; 818.02 &#x643; &#x62A; &#x627;</subfield>
    <subfield code="p">000022606</subfield>
    <subfield code="r">2026-01-25 12:49:09</subfield>
    <subfield code="w">2026-01-25</subfield>
    <subfield code="y">RBOOK COPY</subfield>
  </datafield>
  <datafield tag="952" ind1=" " ind2=" ">
    <subfield code="0">0</subfield>
    <subfield code="1">0</subfield>
    <subfield code="2">ddc</subfield>
    <subfield code="4">0</subfield>
    <subfield code="7">0</subfield>
    <subfield code="a">WAHAB</subfield>
    <subfield code="b">WAHAB</subfield>
    <subfield code="d">2026-03-13</subfield>
    <subfield code="l">0</subfield>
    <subfield code="o">&#x645; &#x646; 818.02 &#x643; &#x62A; &#x627;</subfield>
    <subfield code="p">000023027</subfield>
    <subfield code="r">2026-03-13 11:22:26</subfield>
    <subfield code="w">2026-03-13</subfield>
    <subfield code="y">RBOOK COPY</subfield>
  </datafield>
  <datafield tag="999" ind1=" " ind2=" ">
    <subfield code="c">14158</subfield>
    <subfield code="d">14158</subfield>
  </datafield>
</record>
